Latviešu terminoloģija simts gados

Titel: Latviešu terminoloģija simts gados : rakstu krājums = Latvian terminology in a centenary / galvenais redaktors Andris Vilks
Beteiligt:
Veröffentlicht: Rīga : Latvijas Nacionālā bibliotēka, 2020
Umfang: 232 Seiten : Illustrationen
Format: E-Book
Sprache: Lettisch
Schriftenreihe/
mehrbändiges Werk:
Zinātniskie raksti = Proceedings of the National Library of Latvia / Latvijas Nacionālā bibliotēka ; 6 = 26
Schlagworte:
Kein Bild verfügbar
X
alg: 53844159
001A    $03004:26-11-25 
001B    $01999:26-11-25 $t22:08:58.000 
001D    $03004:26-11-25 
001U    $0utf8 
001X    $00 
002@    $0Oau 
002C    $aText $btxt $2rdacontent 
002D    $aComputermedien $bc $2rdamedia 
002E    $aOnline-Ressource $bcr $2rdacarrier 
003@    $0538441593 
003O    $01553848968 $aOCoLC 
007A    $0538441593 $aHEB 
009Q    $S0 $uhttps://dom.lndb.lv/data/obj/901834 $xH 
010@    $alav 
010E    $erda 
011@    $a2020 
013D    $#Beiträge Formschlagwort $#Einzelbeiträge $#Sammelwerk Formschlagwort $74143413-4 $8Aufsatzsammlung [Ts1] $9085562742 
021A    $aLatviešu terminoloģija simts gados $drakstu krājums $fLatvian terminology in a centenary $hgalvenais redaktors Andris Vilks 
028C    $BHerausgeber $#Vilks, A. $4edt $7 $8Vilks, Andris [Tnd] $9149450966 
033A    $pRīga $nLatvijas Nacionālā bibliotēka 
034D    $a232 Seiten 
034M    $aIllustrationen 
036E    $aZinātniskie raksti = Proceedings of the National Library of Latvia / Latvijas Nacionālā bibliotēka $l6 = 26 
037A    $aLiteraturangaben 
044K    $RLettische Sozialistische Sowjetrepublik $RLettische Sozialistische Sowjetrepublik $#Lettland $#Lettland $#Lettland $#Latvija $#Latvijas Republika $#Lettische Republik $#République de Lettonie $#Republik Lettland $#Latwija $#Latvijas Republikas Tautas $#Republic of Latvia $#Latvijskaja Respublika $#Latvia $#Lettonie $#Łotwa $74074187-4 $8Lettland [Tg1] $9085208876 
044K    $RLettin $#Latvians $#Lettons $#Lette $#Letten $74111273-8 $8Letten [Ts1] $9085328669 
044K    $RTerminologie $#Vocabulary $#Vocabulaire $#Lessico $#Wortschatz $#Wortschatz $#Lexik $#Terminologie Wortschatz $#Vokabular $#Lexikon Linguistik $74126555-5 $8Wortschatz [Ts1] $9085431540 
045F    $a400 $eDDC23BSB 
045F/01 $a400 
045F/03 $g4796 
045R    $aGeschichte 
046L    $aEnglische Zusammenfassung 

lok: 53844159 3

exp: 53844159 3 1 #EPN
201B/01 $026-11-25 $t22:08:58.865 
201C/01 $026-11-25 
201U/01 $0utf8 
203@/01 $01326241206 
208@/01 $a26-11-25 $bl 
209S/01 $S0 $uhttps://dom.lndb.lv/data/obj/901834 $XH 

lok: 53844159 5

exp: 53844159 5 1 #EPN
201B/01 $026-11-25 $t22:08:58.868 
201C/01 $026-11-25 
201U/01 $0utf8 
203@/01 $01326241214 
208@/01 $a26-11-25 $bl 
209S/01 $S0 $uhttps://dom.lndb.lv/data/obj/901834 $XH 

lok: 53844159 8

exp: 53844159 8 1 #EPN
201B/01 $026-11-25 $t22:08:58.870 
201C/01 $026-11-25 
201U/01 $0utf8 
203@/01 $01326241222 
208@/01 $a26-11-25 $bl 
209S/01 $S0 $uhttps://dom.lndb.lv/data/obj/901834 $XH 

lok: 53844159 10

exp: 53844159 10 1 #EPN
201B/01 $026-11-25 $t22:08:58.873 
201C/01 $026-11-25 
201U/01 $0utf8 
203@/01 $01326241230 
208@/01 $a26-11-25 $bl 
209S/01 $S0 $uhttps://dom.lndb.lv/data/obj/901834 $XH 

lok: 53844159 21

exp: 53844159 21 1 #EPN
201B/01 $026-11-25 $t22:08:58.875 
201C/01 $026-11-25 
201U/01 $0utf8 
203@/01 $01326241249 
208@/01 $a26-11-25 $bl 
209S/01 $S0 $uhttps://dom.lndb.lv/data/obj/901834 $XH 

lok: 53844159 23

exp: 53844159 23 1 #EPN
201B/01 $026-11-25 $t22:08:58.878 
201C/01 $026-11-25 
201U/01 $0utf8 
203@/01 $01326241257 
208@/01 $a26-11-25 $bl 
209S/01 $S0 $uhttps://dom.lndb.lv/data/obj/901834 $XH 

lok: 53844159 24

exp: 53844159 24 1 #EPN
201B/01 $026-11-25 $t13:23:51.000 
201C/01 $026-11-25 
201U/01 $0utf8 
203@/01 $01326228633 
208@/01 $a26-11-25 $bo 
209S/01 $uhttps://dom.lndb.lv/data/obj/901834 $XH 
220C/01 $amar 

lok: 53844159 25

exp: 53844159 25 1 #EPN
201B/01 $026-11-25 $t22:08:58.880 
201C/01 $026-11-25 
201U/01 $0utf8 
203@/01 $01326241265 
208@/01 $a26-11-25 $bl 
209S/01 $S0 $uhttps://dom.lndb.lv/data/obj/901834 $XH 

lok: 53844159 204

exp: 53844159 204 1 #EPN
201B/01 $026-11-25 $t22:08:58.882 
201C/01 $026-11-25 
201U/01 $0utf8 
203@/01 $01326241273 
208@/01 $a26-11-25 $bl 
209S/01 $S0 $uhttps://dom.lndb.lv/data/obj/901834 $XH 

lok: 53844159 205

exp: 53844159 205 1 #EPN
201B/01 $026-11-25 $t22:08:58.886 
201C/01 $026-11-25 
201U/01 $0utf8 
203@/01 $01326241281 
208@/01 $a26-11-25 $bl 
209S/01 $S0 $uhttps://dom.lndb.lv/data/obj/901834 $XH
LEADER 00000cam a2200000 c 4500
001 538441593
003 DE-603
005 20251126220858.0
007 cr||||||||||||
008 251126s2020 xx |||| o| u00||u|lav c
035 |a (DE-599)HEB538441593 
035 |a (OCoLC)1553848968 
040 |a DE-603  |b ger  |c DE-603  |d DE-603  |e rda 
041 |a lav 
082 0 4 |8 1\u  |a 400  |q DE-101  |2 23/BSB 
085 |8 1\u  |b 400 
085 |8 1\u  |z 2  |s 4796 
245 0 0 |a Latviešu terminoloģija simts gados  |b rakstu krājums = Latvian terminology in a centenary  |c galvenais redaktors Andris Vilks 
264 1 |a Rīga  |b Latvijas Nacionālā bibliotēka  |c 2020 
300 |a 232 Seiten  |b Illustrationen 
336 |a Text  |b txt  |2 rdacontent 
337 |a Computermedien  |b c  |2 rdamedia 
338 |a Online-Ressource  |b cr  |2 rdacarrier 
490 0 |a Zinātniskie raksti = Proceedings of the National Library of Latvia / Latvijas Nacionālā bibliotēka  |v 6 = 26 
500 |a Literaturangaben 
546 |a Englische Zusammenfassung 
648 7 |a Geschichte  |2 gnd 
650 7 |a Letten  |0 (DE-588)4111273-8  |0 (DE-603)085328669  |2 gnd 
650 7 |a Wortschatz  |0 (DE-588)4126555-5  |0 (DE-603)085431540  |2 gnd 
651 7 |a Lettland  |0 (DE-588)4074187-4  |0 (DE-603)085208876  |2 gnd 
655 7 |a Aufsatzsammlung  |2 gnd-content  |0 (DE-588)4143413-4  |0 (DE-603)085562742 
700 1 |a Vilks, Andris  |e Herausgeber  |4 edt  |0 (DE-603)149450966 
856 |u https://dom.lndb.lv/data/obj/901834  |x Verlag  |z kostenfrei 
924 1 |9 603  |a (DE-603)1326241206  |b DE-603  |c HES  |d d 
924 1 |9 603  |a (DE-603)1326241214  |b DE-603  |c HES  |d d 
924 1 |9 603  |a (DE-603)1326241222  |b DE-603  |c HES  |d d 
924 1 |9 603  |a (DE-603)1326241230  |b DE-603  |c HES  |d d 
924 1 |9 603  |a (DE-603)1326241249  |b DE-603  |c HES  |d d 
924 1 |9 603  |a (DE-603)1326241257  |b DE-603  |c HES  |d d 
924 1 |9 603  |a (DE-603)1326228633  |b DE-603  |c HES  |d d 
924 1 |9 603  |a (DE-603)1326241265  |b DE-603  |c HES  |d d 
924 1 |9 603  |a (DE-603)1326241273  |b DE-603  |c HES  |d d 
924 1 |9 603  |a (DE-603)1326241281  |b DE-603  |c HES  |d d